MDQL
is popping MORE tags! Check the
thread
!
Quizzes
Events
Quiz Creation
Community
Videos
Private Events
Remove Ads
Sign In
Join for FREE
Feedback
Dark Mode
Quiz Categories
Sports
Geography
Music
Movies
Television
Just For Fun
Miscellaneous
History
Literature
Language
Science
Gaming
Entertainment
Religion
Holiday
For Kids
Quiz Lab
Recent
Popular Today
Quiz Kudos Today
Editor Picks
Curator Picks
Quizzes by...
Day
Popularity
Type
Ratings
Length
Year
Community
Subscriptions
Recent Discussions
Orange Saloon
Badges
Playlists
Quests
Create
Leaderboards
Showdown
Live 5
Trivia Bingo
Activity
Puzzle Library
Sporcle Events
Private Events
Virtual Trivia
Globe League
Become a Host
Pub Owners
SporcleCon
Opinionation
Our Games
Videos
Blog
Mobile Apps
Partnerships
Remove Ads and Go Orange
Feedback
Music
Pop Music
The Beatles
Song
Album
Lyrics
Bands
Singers
Artist
Clip
Rock
Rap
Classical
Billboard
Country Music
Kpop
Taylor Swift
Music
Pop Music
The Beatles
Song
Album
Lyrics
Bands
Singers
Artist
Clip
Rock
Rap
Classical
Billboard
Country Music
Kpop
Taylor Swift
Random Quiz
Search Sporcle
×
Quiz Lab
Quiz Lab
Music
311
Type in answers that appear in a list
Type in answers that appear in a list
Classic
Best Score? Go Orange.
Ultimate 311 Song Challenge Stats
Ultimate 311 Song Challenge
By
Motorzep
20m
227 Questions
486 Plays
486 Plays
486 Plays
Comments
Comments
Give Quiz Kudos
Give Quiz Kudos
-
- Ratings
hide this ad
Replay
Link that replays current quiz
Next Quiz
Link to next quiz in quiz playlist
You Got
0%
They Got
Avg Score
66%
Avg Friend Score
Upgrade to see
Score Distribution
Jump to the score distribution portion of the page
Score
0/227
Timer
20:00
0
Plays Today
Hint
Answer
% Correct
Music (1993)
Welcome
96.3%
Music (1993)
Freak Out
96.3%
Music (1993)
Visit
95.3%
Music (1993)
Unity
94.9%
Music (1993)
Hydroponic
94.9%
311 (1995)
Down
94.9%
Music (1993)
Nix Hex
94.7%
Music (1993)
Feels So Good
94.7%
Grassroots (1994)
Grassroots
94.7%
Music (1993)
Do You Right
94.4%
Music (1993)
Paradise
94%
Grassroots (1994)
Homebrew
93.8%
Grassroots (1994)
123
93.8%
Music (1993)
Plain
93.6%
Music (1993)
Fat Chance
93.2%
Grassroots (1994)
8:16 AM
93%
Transistor (1997)
Transistor
93%
311 (1995)
All Mixed Up
92.8%
311 (1995)
Hive
92.8%
Grassroots (1994)
Lose
92.6%
Grassroots (1994)
Lucky
92.4%
311 (1995)
Random
92.2%
311 (1995)
Jackolantern's Weather
92.2%
Grassroots (1994)
Salsa
92%
Transistor (1997)
Beautiful Disaster
92%
Music (1993)
My Stoney Baby
91.8%
Transistor (1997)
Prisoner
91.4%
Soundsystem (1999)
Come Original
91.4%
Soundsystem (1999)
Freeze Time
91.2%
Grassroots (1994)
Omaha Stylee
90.7%
Grassroots (1994)
Taiyed
90.5%
Soundsystem (1999)
Flowing
90.5%
311 (1995)
DLMD
90.3%
From Chaos (2001)
From Chaos
90.3%
311 (1995)
Don't Stay Home
90.1%
Soundsystem (1999)
Eons
90.1%
From Chaos (2001)
Amber
90.1%
Don't Tread on Me (2005)
Don't Tread on Me
90.1%
Grassroots (1994)
Nutsymtom
89.9%
Transistor (1997)
Stealing Happy Hours
89.9%
311 (1995)
Brodels
89.7%
Mosaic (2017)
Hey Yo
89.7%
Grassroots (1994)
Applied Science
89.5%
Grassroots (1994)
Offbeat Bare Ass
89.5%
311 (1995)
Guns
89.5%
Uplifter (2009)
Hey You
89.5%
Grassroots (1994)
Silver
89.3%
311 (1995)
Sweet
89.3%
Transistor (1997)
Jupiter
89.3%
Evolver (2003)
Creatures
89.3%
Grassroots (1994)
Six
89.1%
311 (1995)
T & P Combo
89.1%
Soundsystem (1999)
Sever
89.1%
Transistor (1997)
Use of Time
88.7%
From Chaos (2001)
I'll Be Here Awhile
88.7%
Soundsystem (1999)
Large in the Margin
88.3%
311 (1995)
Purpose
88.1%
Transistor (1997)
Running
88.1%
Soundsystem (1999)
Mindspin
88.1%
Soundsystem (1999)
Strong All Along
87.9%
Soundsystem (1999)
Evolution
87.7%
Evolver (2003)
Sometimes Jacks Rule the Realm
87.7%
Uplifter (2009)
India Ink
87.7%
311 (1995)
Misdirected Hostility
87.4%
Transistor (1997)
Galaxy
87.4%
Transistor (1997)
What Was I Thinking
87.4%
Transistor (1997)
Creature Feature
87.4%
Transistor (1997)
Borders
87.4%
From Chaos (2001)
Champagne
87.4%
Don't Tread on Me (2005)
Frolic Room
87.4%
Uplifter (2009)
Mix It Up
87.2%
311 (1995)
Loco
87%
From Chaos (2001)
You Wouldn't Believe
87%
Universal Pulse (2011)
Sunset in July
87%
Transistor (1997)
Rub a Dub
86.8%
From Chaos (2001)
You Get Worked
86.6%
Hint
Answer
% Correct
From Chaos (2001)
Sick Tight
86.6%
Universal Pulse (2011)
Time Bomb
86.6%
Stereolithic (2014)
Ebb and Flow
86.6%
Transistor (1997)
Electricity
86.2%
Transistor (1997)
Light Years
86.2%
Soundsystem (1999)
Life's Not a Race
86.2%
Soundsystem (1999)
Livin' & Rockin'
86.2%
From Chaos (2001)
Wake Your Mind Up
86%
Transistor (1997)
The Continuous Life
85.8%
Evolver (2003)
Beyond the Gray Sky
85.8%
Uplifter (2009)
Jackpot
85.6%
Transistor (1997)
Starshines
85.4%
From Chaos (2001)
Uncalm
85.4%
Evolver (2003)
Reconsider Everything
85.4%
Transistor (1997)
Color
85.2%
Soundsystem (1999)
Leaving Babylon
85.2%
From Chaos (2001)
Full Ride
85.2%
From Chaos (2001)
I Told Myself
85.2%
Evolver (2003)
Give Me a Call
85.2%
Don't Tread on Me (2005)
It's Getting OK Now
85.2%
Evolver (2003)
Don't Dwell
85%
Don't Tread on Me (2005)
Speak Easy
85%
Transistor (1997)
Tune In
84.8%
Stereolithic (2014)
Five of Everything
84.8%
Don't Tread on Me (2005)
There's Always An Excuse
84.2%
Uplifter (2009)
Daisy Cutter
84.2%
Transistor (1997)
Inner Light Spectrum
84%
Don't Tread on Me (2005)
Thank Your Lucky Stars
84%
Don't Tread on Me (2005)
Solar Flare
84%
Uplifter (2009)
Never Ending Summer
84%
Soundsystem (1999)
Can't Fade Me
83.7%
Voyager (2019)
What The
83.6%
From Chaos (2001)
Hostile Apostle
83.5%
Don't Tread on Me (2005)
Long For the Flowers
83.3%
Mosaic (2017)
Wildfire
83.3%
Transistor (1997)
Strangers
83.1%
Don't Tread on Me (2005)
Getting Through To Her
82.9%
Don't Tread on Me (2005)
Whiskey and Wine
82.9%
Universal Pulse (2011)
Weightless
82.9%
Transistor (1997)
No Control
82.7%
Evolver (2003)
Seems Uncertain
82.7%
Universal Pulse (2011)
Wild Nights
82.7%
Mosaic (2017)
Too Much To Think
82.4%
Evolver (2003)
Crack the Code
82.3%
Evolver (2003)
Same Mistake Twice
82.3%
Uplifter (2009)
It's Alright
82.1%
Uplifter (2009)
Golden Sunlight
82.1%
Uplifter (2009)
Two Drops in the Ocean
82.1%
Don't Tread on Me (2005)
Waiting
81.9%
Uplifter (2009)
My Heart Sings
81.9%
Stereolithic (2014)
Boom Shanka
81.5%
Mosaic (2017)
Island Sun
81.3%
Evolver (2003)
Other Side of Things
81.1%
Universal Pulse (2011)
Trouble
80.9%
Mosaic (2017)
'Til the City's on Fire
80%
Stereolithic (2014)
Sand Dollars
79.6%
Stereolithic (2014)
Tranquility
79.6%
Mosaic (2017)
Inside Our Home
79.3%
Mosaic (2017)
Days of '88
79.3%
Mosaic (2017)
On a Roll
78.9%
Stereolithic (2014)
Friday Afternoon
78.8%
Mosaic (2017)
Perfect Mistake
78.7%
Mosaic (2017)
Syntax Error
78.7%
Uplifter (2009)
Something Out of Nothing
78.6%
Uplifter (2009)
Get Down
78.4%
Universal Pulse (2011)
And a Ways To Go
78.2%
Mosaic (2017)
Too Late
77.8%
Uplifter (2009)
Too Much Too Fast
77.8%
Universal Pulse (2011)
Count Me In
77.8%
Mosaic (2017)
Extension
77.1%
Universal Pulse (2011)
Rock On
76.7%
Evolver (2003)
Still Dreaming
76.5%
Voyager (2019)
Crossfire
76.3%
Mosaic (2017)
The Night is Young
75.2%
Mosaic (2017)
Places That the Mind Goes
75.2%
Stereolithic (2014)
Made in the Shade
74.9%
Hint
Answer
% Correct
Stereolithic (2014)
Showdown
74.5%
Uplifter (2009)
I Like the Way
74.1%
Stereolithic (2014)
Revelation of the Year
73.7%
Mosaic (2017)
Face in the Wind
73.6%
Stereolithic (2014)
First Dimension
72.8%
Stereolithic (2014)
Existential Hero
72.4%
Damnit! (1990)
Slinky
72.3%
Unity (1991)
Damn
72.3%
Stereolithic (2014)
The Call
72.2%
Archive (2015)
Gap
71.8%
Stereolithic (2014)
Simple True
69.8%
Mosaic (2017)
One and the Same
69.5%
Stereolithic (2014)
Make it Rough
69.1%
Archive (2015)
Tribute
68.4%
Archive (2015)
Get Down
67.8%
Archive (2015)
I Like the Way
67.2%
Archive (2015)
Let The Cards Fall
66.1%
Damnit! (1990)
This Too Shall Pass
65%
Mosaic (2017)
Forever Now
64.2%
Voyager (2019)
Good Feeling
63.8%
Archive (2015)
Firewater
63.8%
Archive (2015)
Summer of Love
63.8%
Unity (1991)
Rollin
63.3%
Damnit! (1990)
Down South
62.7%
Voyager (2019)
Dodging Raindrops
62.1%
Voyager (2019)
Lucid Dreams
60.5%
Stereolithic (2014)
The Great Divide
59.9%
Voyager (2019)
Dream State
59.3%
Voyager (2019)
Rolling Through
59.3%
Archive (2015)
Juan Bond
58.2%
Archive (2015)
Bomb the Town
57.1%
Damnit! (1990)
Right Now
56.5%
Unity (1991)
CUTM
56.5%
Archive (2015)
Who's Got the Herb?
55.9%
Archive (2015)
First Straw
55.9%
Voyager (2019)
Stainless
55.4%
Voyager (2019)
Don't You Worry
55.4%
Damnit! (1990)
Independence Day
54.2%
Voyager (2019)
Better Space
53.1%
Voyager (2019)
Born to Live
53.1%
Archive (2015)
Blizza
53.1%
Voyager (2019)
Charge It Up
52%
Archive (2015)
Outside
50.8%
Archive (2015)
Writer's Block Party
50.3%
Archive (2015)
Little Brother
49.2%
Voyager (2019)
Time and Space
48.6%
Hydroponic (1992)
Today My Love
44.1%
Archive (2015)
We Do It Like This
42.4%
Hydroponic (1992)
Soul Sucker
42.4%
Archive (2015)
Everything
41.2%
Archive (2015)
Dancehall
41.2%
Archive (2015)
Next
40.1%
Archive (2015)
Simplify
39.5%
Damnit! (1990)
To Be Honest
39.5%
Archive (2015)
The Quickening
39%
Archive (2015)
Old Funk
39%
Archive (2015)
Lemming
39%
Archive (2015)
Seal the Deal
39%
Archive (2015)
Time Is Precious
38.4%
Archive (2015)
Space Funk
37.9%
Archive (2015)
Week of Saturdays
37.9%
Archive (2015)
Stealing My Girl
36.7%
Archive (2015)
Sun Come Through
35.6%
Archive (2015)
Into the Flame
35.6%
Archive (2015)
Earth People
35.6%
Archive (2015)
Dreamland
35%
Archive (2015)
What Do You Do?
34.5%
Archive (2015)
Cali Soca
33.9%
Archive (2015)
Will the World
33.9%
Archive (2015)
Grifter
33.9%
Damnit! (1990)
Thriving to the Scene
32.8%
Archive (2015)
How Long Has It Been?
32.2%
Archive (2015)
Vap'n Away
31.1%
Damnit! (1990)
Peaceful Revolution
30.5%
Damnit! (1990)
Push It Away
29.4%
Quiz Playlist
Details
Report
Send in Message
Add To Playlist
Classic:
Type in answers that appear in a list
Last Updated: Dec 29, 2020
Quiz Scoreboard
CHALLENGE
Sign Up to Join the Scoreboard
Show All
Scores
Hide
Comments
May contain spoilers
Recently Published
Find the 'City' Movie
by crazypaving
Movies
60s
5x2 Blitz: Bands
by SL_Kpop136
Music
30s
Colored Red Africa Blitz
by spor1
Geography
30s
More to Explore
Quiz From the Vault
Featured Blog Post
14 Easter Pick-up Lines to Find Eggs With
hide this ad
You Might Also Like...
Tags
311
Today's Top Quizzes in Music
Browse Music
hide this ad
Top Contributed Quizzes in Music
1
5X2 Blitz: Bands II
2
5X2 Blitz: The Beatles
3
Taylor Swift All Songs (2024)
4
5X2 Blitz: Billboard
5
Taylor Swift Logic Puzzle II
6
5X2 Blitz: Billboard II
7
Taylor Swift Logic Puzzle
8
5X2 Blitz: Rock
9
5X2 Blitz: Singers
10
5X2 Blitz: Album
Explore More
Trending Topics
Marvel
Kpop
Harry Potter
Anime
NBA
Disney
Crossword
WWE
The Office
Puzzle
Pokémon
Song
NFL
Soccer
Country
hide this ad
More By:
Motorzep
Quiz
Plays
Rating
Category
Featured
Created
Ultimate 311 Song Challenge
486
Music
Jul 18, 2016
Go to Creator's Profile
Score Distribution
Quiz Creator Spotlight
Motorzep
Follow
Send a Message
Quizzes Created
-
Created Quiz Play Count
-
More By This Creator
Popular Quizzes Today
1
Colored Red Africa Blitz
2
Find the 'City' Movie
3
Find the US States - No Outlines Minefield
4
5x2 Blitz: Bands
5
The Countries of the World
6
Find the US States
7
Find the Countries of Europe - No Outlines Minefield
8
US States
More Music Quizzes
Find the Rock and Roll Hall of Fame Inductees (2000s)
Published
Trending Quizzes
Colored Red Europe Blitz I
Colored Red Africa Blitz II
Colored Red Europe Blitz II
Colored Red Africa Blitz III
Colored Red Europe Blitz III
Recently Updated
How Do You Spell That?
pecheneg
Godzilla Movies
pecheneg
Grab Bag: 4-10 Letters
pecheneg
2024 March Madness Bracket
pecheneg
Famous TV Couples
Peacemaker
Champions League XIs: Real Madrid
pecheneg
Largest US Cities 1790-2010
pecheneg
Rides in Walt Disney World
pecheneg
Most Oscar Losses (Acting)
pecheneg
Beyoncé Albums
pecheneg
Trending Topics
Harry Potter
Anime
Kpop
Marvel
NBA
Disney
Crossword
The Office
NFL
Country
Puzzle
WWE
Pokémon
Song
Soccer
Your Account Isn't Verified!
In order to create a playlist on Sporcle, you need to verify the email address you used during registration. Go to your
Sporcle Settings
to finish the process.
Report this User
Report this user for behavior that violates our
Community Guidelines
.
Details:
Send Report
Go to the Sporcle.com Mobile Site →
Comments